000 00267nam a22001217a 4500
008 181022b xxu||||| |||| 00| 0 eng d
041 _aeng
080 _28 ED
_a311
100 _a55
101 _aSTA
245 _aElementary Statistics
_cNEIL.w
942 _2udc
_cBK
999 _c50500
_d50500